CAP reforms may yield £50m (Record no. 72464)

MARC details
000 -LEADER
fixed length control field 01018cam a2200217 4500
001 - CONTROL NUMBER
control field WB3914-21
008 - FIXED-LENGTH DATA ELEMENTS--GENERAL INFORMATION
fixed length control field 030408n2003 000 0 eng u
035 ## - SYSTEM CONTROL NUMBER
System control number (Sirsi) u121930
245 ## - TITLE STATEMENT
Title CAP reforms may yield £50m
260 ## - PUBLICATION, DISTRIBUTION, ETC.
Date of publication, distribution, etc. 2003
490 ## - SERIES STATEMENT
Series statement DEFRA News Release
Volume/sequential designation (117/03) 31 March 2003 (2)
490 ## - SERIES STATEMENT
Series statement Farmers' Weekly
Volume/sequential designation 138(14) 4 April 2003, 8(1)
520 ## - SUMMARY, ETC.
Summary, etc. A new DEFRA study reveals that CAP reform will bring significant gains for UK farmers, taxpayers and consumers. The study suggests an overall net economic benefit of between £400m and £600m with farm incomes rising 15% from increased productivity and efficiency. "Assessment of the economic impact of the Commission's long term perspective for sustainable agriculture" available at www.defra.gov.uk/esg/economics/capreform.pdf.www.defra.gov.uk/news/2003/030331a.htm.
590 ## - LOCAL NOTE (RLIN)
Local note WB
650 ## - SUBJECT ADDED ENTRY--TOPICAL TERM
Topical term or geographic name entry element FARMING
650 ## - SUBJECT ADDED ENTRY--TOPICAL TERM
Topical term or geographic name entry element CAP REFORM
650 ## - SUBJECT ADDED ENTRY--TOPICAL TERM
Topical term or geographic name entry element COMMON AGRICULTURAL POLICY
650 ## - SUBJECT ADDED ENTRY--TOPICAL TERM
Topical term or geographic name entry element ECONOMY
690 ## - LOCAL SUBJECT ADDED ENTRY--TOPICAL TERM (OCLC, RLIN)
Topical term or geographic name as entry element Rural
9 (RLIN) 6268
942 ## - ADDED ENTRY ELEMENTS (KOHA)
Suppress in OPAC 0
Holdings
Withdrawn status Lost status Source of classification or shelving scheme Damaged status Not for loan Home library Current library Shelving location Date acquired Total Checkouts Full call number Barcode Date last seen Copy number Price effective from Koha item type
    Dewey Decimal Classification     London London News article 08/04/2003   WB3914-21 121930-1001 06/08/2019 1 06/08/2019 News article